| 000 | 01132nam a22002657a 4500 | ||
|---|---|---|---|
| 001 | 9691 | ||
| 003 | FISKH | ||
| 005 | 20260129151042.0 | ||
| 008 | 260129b cb ||||| |||| 00| 0 eng d | ||
| 020 | _a9780763640750 | ||
| 040 |
_aFISKH _beng _cFISKH _dFISKH |
||
| 050 | _aPZ7 .S62 | ||
| 082 | _a741.5 | ||
| 100 | _aSmith , Matt | ||
| 245 |
_aThe tale of despereaux : _bThe graphic novel / _cadapted from the major motion picture and illustrated by Matt Smith and David Tilton |
||
| 250 | _aFirst paperback edition 2008 | ||
| 260 |
_aMassachsetts : _bCandlewick Press , _c2008 . |
||
| 300 |
_a126 pages : _billustrations ; _c21 cm . |
||
| 520 | _a"Despereaux, a mouse, meets and falls in love with a princess, gets banished to the dungeon (from which no mouse has ever returned)!, and is captured by a pack of hungry rats. Despereaux barely escapes with his life, but he honors his quest to act as a knight would - with bravery and courage in the face of danger." | ||
| 650 |
_aSpecial mouse _vComic |
||
| 650 |
_aSoups funny _vComic |
||
| 700 |
_aDiCamillo , Kate _eIllustrator |
||
| 942 |
_2ddc _cBK _n0 |
||
| 999 |
_c9691 _d9691 |
||